Tiffany Investments Ltd and another v Bircham and Co Nominees (No 2) Ltd and others (Record no. 72378)

MARC details
000 -LEADER
fixed length control field 01930cam a2200277 4500
001 - CONTROL NUMBER
control field ABS66536
008 - FIXED-LENGTH DATA ELEMENTS--GENERAL INFORMATION
fixed length control field 030331n2003 000 0 eng u
035 ## - SYSTEM CONTROL NUMBER
System control number (Sirsi) u121786
245 ## - TITLE STATEMENT
Title Tiffany Investments Ltd and another v Bircham and Co Nominees (No 2) Ltd and others
260 ## - PUBLICATION, DISTRIBUTION, ETC.
Date of publication, distribution, etc. 2003
490 ## - SERIES STATEMENT
Series statement Property, Planning and Compensation Reports
Volume/sequential designation [2003] 2 P&CR 381-396(16)
520 ## - SUMMARY, ETC.
Summary, etc. [2003] EWHC 143 (Ch), 7 February 2003. Cl5 of a residential property lease provided that the lessee wishing to dispose of the lease should first offer it to the lessors. Two of the defendants, the Bailies, (BA) sought to sell the lease to claimant (T) but were advised that they were not entitled to enfranchise. T and the second claimant (C) were given benefit of the lease by BA. T agreed to sell the lease to C. In proceedings by the lessors (B), BA agreed to transfer the lease to the lessors in compliance with cl5. T and C claimed an interest in the lease. "Held" claim dismissed. Judgment for (B). An equitable interest in the lease in favour of B had been created by BA's failure in compliance with cl5 to offer B the lease not later than immediately before entering into an enforceable contract of sale of the lease to T. As no offer was made to B, no contract which fell foul of the Landlord and Tenant Act 1954 s17 was made with them.
590 ## - LOCAL NOTE (RLIN)
Local note ABS
650 ## - SUBJECT ADDED ENTRY--TOPICAL TERM
Topical term or geographic name entry element EQUITABLE INTERESTS
650 ## - SUBJECT ADDED ENTRY--TOPICAL TERM
Topical term or geographic name entry element LEASEHOLD ENFRANCHISEMENT
650 ## - SUBJECT ADDED ENTRY--TOPICAL TERM
Topical term or geographic name entry element ALLNATT LONDON PROPERTIES LTD V NEWTON
650 ## - SUBJECT ADDED ENTRY--TOPICAL TERM
Topical term or geographic name entry element BIRCHAM AND CO NOMINEES (NO 2) LTD AND ANOTHER V WORRELL HOLDINGS LTD
650 ## - SUBJECT ADDED ENTRY--TOPICAL TERM
Topical term or geographic name entry element TIFFANY INVESTMENTS LTD AND ANOTHER V BIRCHAM AND CO NOMINEES (NO 2 ) LTD AND OTHERS
650 ## - SUBJECT ADDED ENTRY--TOPICAL TERM
Topical term or geographic name entry element ASSIGNMENT OF LEASES
650 ## - SUBJECT ADDED ENTRY--TOPICAL TERM
Topical term or geographic name entry element KING V KESTON PROPERTIES
650 ## - SUBJECT ADDED ENTRY--TOPICAL TERM
Topical term or geographic name entry element SURRENDER
650 ## - SUBJECT ADDED ENTRY--TOPICAL TERM
Topical term or geographic name entry element PRE-EMPTION CLAUSES
650 ## - SUBJECT ADDED ENTRY--TOPICAL TERM
Topical term or geographic name entry element LANDLORD AND TENANT ACT 1954 S17
690 ## - LOCAL SUBJECT ADDED ENTRY--TOPICAL TERM (OCLC, RLIN)
Topical term or geographic name as entry element LANDLORD AND TENANT-LEASES-CASE LAW
942 ## - ADDED ENTRY ELEMENTS (KOHA)
Suppress in OPAC 0
Holdings
Withdrawn status Lost status Source of classification or shelving scheme Damaged status Not for loan Home library Current library Shelving location Date acquired Total Checkouts Full call number Barcode Date last seen Copy number Price effective from Koha item type
    Dewey Decimal Classification     London London Journal article 31/03/2003   ABS66536 121786-1001 06/08/2019 1 06/08/2019 Law report